Michigan Cities - Sudden Death - Statistics

General Stats
  • This quiz has been taken 735 times
  • The average score is 10 of 21
Answers on the Grid
Answers color-coded by a green-red scale on the quiz's grid according to % correct below.
Ann Arbor
Ashtabula
Bad Axe
Battle Creek
Bay City
Bloomfield Hills
Broken Arrow
Cadillac
Daytona Beach
Detroit
Escanaba
Flint
Forks
Frankenmuth
Goodyear
Grand Rapids
Hillsdale
Kalamazoo
Mackinaw City
Michigan City
Peoria
Petoskey
Pigeon Forge
Plano
Pontiac
Port Huron
Saginaw
Sault Ste. Marie
Traverse City
Ypsilanti
 
Answer Stats
Answer % Correct
Ann Arbor
93%
Detroit
86%
Flint
79%
Grand Rapids
77%
Kalamazoo
64%
Battle Creek
57%
Saginaw
55%
Sault Ste. Marie
55%
Mackinaw City
51%
Pontiac
51%
Cadillac
49%
Traverse City
49%
Bay City
47%
Port Huron
41%
Ypsilanti
37%
Bloomfield Hills
32%
Bad Axe
24%
Petoskey
24%
Frankenmuth
23%
Escanaba
21%
Hillsdale
19%
No matching quizzes found
Score Distribution
Percent of People with Each Score
Percentile by Number Answered
Your Score History
You have not taken this quiz